[Event "Codogno op-B 4th"]
[Site "Codogno"]
[Date "2012.09.22"]
[Round "3"]
[White "Nordio, Giorgio"]
[Black "Vuckovic, Dimitrije"]
[Result "1-0"]
[WhiteElo "1566"]
[BlackElo "1517"]
[PlyCount "107"]
[EventDate "2012.09.21"]
[EventType "swiss"]
[EventRounds "5"]
[EventCountry "ITA"]
[SourceTitle "EXT 2016"]
[Source "ChessBase"]
[SourceDate "2015.10.08"]
[SourceVersion "1"]
[SourceVersionDate "2015.10.08"]
[SourceQuality "1"]

1. d4 Nf6 2. c4 g6 3. Nc3 Bg7 4. e4 d6 5. Nf3 0-0 6. Be2 e5 7. dxe5 dxe5 8. Qxd8 Rxd8 9. 0-0 Nc6 10. Bg5 h6 11. Bxf6 Bxf6 12. Nd5 Rxd5 13. cxd5 Nd4 14. Bd1 Bg4 15. Nxd4 Bxd1 16. Nb5 c6 17. Rfxd1 cxb5 18. Rac1 Bd8 19. Kf1 a5 20. Rc5 b4 21. Rdc1 Kf8 22. Rc8 Rxc8 23. Rxc8 Ke7 24. Rc2 Kd6 25. Ke2 f5 26. f3 f4 27. a3 bxa3 28. bxa3 h5 29. Rb2 b6 30. Rc2 g5 31. Rc6+ Kd7 32. Kd3 g4 33. Kc4 gxf3 34. gxf3 h4 35. h3 Bc7 36. Kb5 Bd8 37. Rxb6 Bxb6 38. Kxb6 a4 39. Kb5 Kd6 40. Kxa4 Kc5 41. Ka5 Kd6 42. Kb6 Kd7 43. a4 Kc8 44. a5 Kb8 45. d6 Kc8 46. Kc6 Kd8 47. d7 Ke7 48. Kc7 Ke6 49. a6 Kf6 50. d8Q+ Ke6 51. Qd6+ Kf7 52. Kd7 Kg8 53. Qe7 Kh8 54. a7 1-0

[Event "Codogno op-B 4th"]
[Site "Codogno"]
[Date "2012.09.22"]
[Round "2"]
[White "Vuckovic, Dimitrije"]
[Black "Acunzo, Domenico"]
[Result "0-1"]
[WhiteElo "1517"]
[BlackElo "1743"]
[PlyCount "152"]
[EventDate "2012.09.21"]
[EventType "swiss"]
[EventRounds "5"]
[EventCountry "ITA"]
[SourceTitle "EXT 2016"]
[Source "ChessBase"]
[SourceDate "2015.10.08"]
[SourceVersion "1"]
[SourceVersionDate "2015.10.08"]
[SourceQuality "1"]

1. Nf3 d5 2. c4 e6 3. g3 c6 4. e3 f5 5. d4 Nf6 6. Nc3 Bd6 7. cxd5 exd5 8. Bg2 0-0 9. 0-0 Nbd7 10. Qc2 Ne4 11. Ne1 Ndf6 12. f3 Nxc3 13. bxc3 Be6 14. Nd3 Qc7 15. Nf4 Bd7 16. Nd3 Rae8 17. c4 dxc4 18. Qxc4+ Kh8 19. Qc2 Bc8 20. Bd2 Qd8 21. Rfe1 Re7 22. Re2 Rfe8 23. Rae1 Qc7 24. Bb4 Bxb4 25. Nxb4 a5 26. Nd3 Nd5 27. e4 fxe4 28. fxe4 Nf6 29. Nf4 Qb6 30. Qc4 Bg4 31. Re3 Rd8 32. Qc5 Qxc5 33. dxc5 Rd2 34. Ra3 g5 35. Nd3 Be2 36. Nf2 Bc4 37. Rxa5 Rxa2 38. Rxa2 Bxa2 39. Ra1 Bc4 40. Ra7 Ba6 41. Ra8+ Kg7 42. Bf1 Bxf1 43. Kxf1 Nxe4 44. Nxe4 Rxe4 45. Rd8 Re7 46. Rd4 Kf6 47. Kf2 Ke5 48. Rd1 Rf7+ 49. Ke3 h5 50. h3 g4 51. hxg4 hxg4 52. Ke2 Rf3 53. Rg1 Rc3 54. Rb1 Rxg3 55. Rxb7 Rc3 56. Re7+ Kd5 57. Rg7 g3 58. Rg5+ Ke4 59. Rg4+ Kf5 60. Rh4 Kg5 61. Rh8 Kg4 62. Rg8+ Kh3 63. Rh8+ Kg2 64. Rh5 Kg1 65. Rh8 Rc4 66. Kd3 Rf4 67. Ke3 Rf2 68. Rh6 g2 69. Rxc6 Kf1 70. Rg6 g1Q 71. Rxg1+ Kxg1 72. Kd4 Rc2 73. Kd5 Kf2 74. Kd6 Ke3 75. c6 Ke4 76. Kd7 Ke5 0-1

[Event "Crema op 14th"]
[Site "Crema"]
[Date "2012.09.02"]
[Round "5"]
[White "Vuckovic, Dimitrije"]
[Black "Raimondi, Celso"]
[Result "0-1"]
[WhiteElo "1518"]
[BlackElo "1657"]
[PlyCount "96"]
[EventDate "2012.08.31"]
[EventType "swiss"]
[EventRounds "6"]
[EventCountry "ITA"]
[SourceTitle "EXT 2014"]
[Source "ChessBase"]
[SourceDate "2013.11.20"]
[SourceVersion "1"]
[SourceVersionDate "2013.11.20"]
[SourceQuality "1"]

1. Nf3 Nf6 2. c4 d6 3. d4 c5 4. dxc5 Qa5+ 5. Nc3 Qxc5 6. e3 Bd7 7. b3 a6 8. Be2 g6 9. Bb2 e5 10. Qc2 Nc6 11. a3 Bf5 12. e4 Bg4 13. Nd5 Nxd5 14. exd5 Bxf3 15. Bxf3 Nd4 16. Bxd4 Qxd4 17. 0-0 Rc8 18. Rad1 Qc5 19. Qc1 Bg7 20. Rde1 0-0 21. Be2 a5 22. Qb1 Qxa3 23. Qa1 Qb4 24. Qa4 Qc5 25. Rb1 Ra8 26. b4 axb4 27. Qxb4 Qxb4 28. Rxb4 Rfb8 29. Rfb1 Ra7 30. g3 f5 31. Kg2 e4 32. Bd1 Bd4 33. Be2 Bc5 34. R4b3 b6 35. Rb5 Rba8 36. Rxb6 Bxb6 37. Rxb6 Rd8 38. Rb2 Kf7 39. h4 Kf6 40. f4 exf3+ 41. Kxf3 Ke5 42. Kg2 Rda8 43. Kh3 Ra2 44. Rxa2 Rxa2 45. Bf1 Rc2 46. Bd3 Rc3 47. Bf1 f4 48. Kg4 Rxg3# 0-1

[Event "Ceriano Laghetto op-B 20th"]
[Site "Ceriano Laghetto"]
[Date "2011.04.03"]
[Round "4"]
[White "Vuckovic, Dimitrije"]
[Black "Visigalli, Cesare"]
[Result "1/2-1/2"]
[WhiteElo "1615"]
[BlackElo "1798"]
[PlyCount "50"]
[EventDate "2011.04.01"]
[EventType "swiss"]
[EventRounds "5"]
[EventCountry "ITA"]
[SourceTitle "EXT 2023"]
[Source "ChessBase"]
[SourceDate "2022.10.05"]
[SourceVersion "1"]
[SourceVersionDate "2022.10.05"]
[SourceQuality "1"]

1. Nf3 Nf6 2. c4 c5 3. Nc3 Nc6 4. d4 cxd4 5. Nxd4 Nxd4 6. Qxd4 e6 7. g3 Bb4 8. Bd2 a6 9. Bg2 d5 10. 0-0 Bxc3 11. Bxc3 Qc7 12. b3 Rb8 13. Rad1 Ke7 14. Qf4 e5 15. Qd2 Rd8 16. h3 b6 17. Rfe1 Bb7 18. e4 h6 19. Re3 g5 20. Qe2 a5 21. a4 Qc5 22. Red3 Qc6 23. Re3 Qc5 24. Red3 Qc6 25. Re3 Qc5 1/2-1/2

[Event "Ceriano Laghetto op-B 20th"]
[Site "Ceriano Laghetto"]
[Date "2011.04.02"]
[Round "3"]
[White "Bertamini, Alberto"]
[Black "Vuckovic, Dimitrije"]
[Result "0-1"]
[WhiteElo "1692"]
[BlackElo "1615"]
[PlyCount "93"]
[EventDate "2011.04.01"]
[EventType "swiss"]
[EventRounds "5"]
[EventCountry "ITA"]
[SourceTitle "EXT 2023"]
[Source "ChessBase"]
[SourceDate "2022.10.05"]
[SourceVersion "1"]
[SourceVersionDate "2022.10.05"]
[SourceQuality "1"]

1. d4 Nf6 2. c4 g6 3. Nc3 Bg7 4. Nf3 d6 5. e3 0-0 6. Bd3 Nc6 7. a3 Bd7 8. Qc2 Re8 9. h3 e5 10. d5 Ne7 11. g4 c6 12. e4 cxd5 13. cxd5 a6 14. Be2 Rc8 15. g5 Nh5 16. Be3 Nf4 17. Bxf4 exf4 18. Qd2 Be5 19. Nd4 Qb6 20. 0-0-0 Ba4 21. Nc2 Bxc2 22. Qxc2 Qxf2 23. Rdf1 Qe3+ 24. Kb1 Bxc3 25. Rf3 Qb6 26. Rxc3 Rc5 27. Bg4 Qa7 28. Rf1 Nc8 29. Rxf4 b5 30. h4 Qe7 31. b4 Rxc3 32. Qxc3 Nb6 33. Qf3 Nc4 34. Qc3 Qe5 35. Qxe5 Rxe5 36. Bd1 a5 37. bxa5 Nxa5 38. Be2 Nc4 39. Ka2 Nd2 40. Bxb5 Nxe4 41. Kb3 Nc5+ 42. Kc4 Re1 43. a4 Rc1+ 44. Kb4 Rd1 45. Be8 Nd3+ 46. Kb5 Nxf4 47. Bc6 0-1

[Event "Mogliano Veneto op-C 31st"]
[Site "Mogliano Veneto"]
[Date "2010.05.01"]
[Round "2"]
[White "Vuckovic, Dimitrije"]
[Black "Buso, Gianluca"]
[Result "1/2-1/2"]
[WhiteElo "1577"]
[BlackElo "1395"]
[PlyCount "78"]
[EventDate "2010.04.30"]
[EventType "swiss"]
[EventRounds "5"]
[EventCountry "ITA"]
[SourceTitle "EXT 2023"]
[Source "ChessBase"]
[SourceDate "2022.10.05"]
[SourceVersion "1"]
[SourceVersionDate "2022.10.05"]
[SourceQuality "1"]

1. Nf3 Nf6 2. c4 c5 3. Nc3 d5 4. e3 e6 5. g3 Nc6 6. d4 a6 7. a4 Bd6 8. cxd5 exd5 9. Bg2 Bg4 10. 0-0 0-0 11. dxc5 Bxc5 12. h3 Be6 13. Nd4 Nxd4 14. exd4 Bb6 15. Bg5 h6 16. Bf4 Qd7 17. Kh2 Rfe8 18. a5 Ba7 19. b4 Rad8 20. Re1 Ne4 21. Nxe4 dxe4 22. Qe2 Bf5 23. Rad1 Be6 24. Bxe4 Bd5 25. f3 Kh8 26. Qd2 Bxe4 27. Rxe4 Rxe4 28. fxe4 Qxd4 29. Qxd4 Rxd4 30. Rxd4 Bxd4 31. Bd6 Kh7 32. Kg2 Kg6 33. Kf3 Kf6 34. Ke2 Ke6 35. Bf8 h5 36. Kd3 Be5 37. g4 hxg4 38. hxg4 g6 39. Bc5 Bd6 1/2-1/2

[Event "Mogliano Veneto op-C 31st"]
[Site "Mogliano Veneto"]
[Date "2010.04.30"]
[Round "1"]
[White "Caoduro, Giacomo"]
[Black "Vuckovic, Dimitrije"]
[Result "0-1"]
[WhiteElo "1452"]
[BlackElo "1577"]
[PlyCount "106"]
[EventDate "2010.04.30"]
[EventType "swiss"]
[EventRounds "5"]
[EventCountry "ITA"]
[SourceTitle "EXT 2023"]
[Source "ChessBase"]
[SourceDate "2022.10.05"]
[SourceVersion "1"]
[SourceVersionDate "2022.10.05"]
[SourceQuality "1"]

1. d4 Nf6 2. c4 g6 3. Nc3 Bg7 4. e4 d6 5. f3 0-0 6. g4 Nc6 7. h4 h5 8. g5 Nd7 9. d5 Nce5 10. Be2 Nc5 11. Be3 c6 12. Bxc5 dxc5 13. Qd2 Qb6 14. Nh3 f5 15. f4 Ng4 16. e5 cxd5 17. Nxd5 Qd8 18. Rd1 Be6 19. Qc3 Bxd5 20. cxd5 Qb6 21. Bc4 Kh7 22. d6 exd6 23. Rxd6 Qxd6 24. exd6 Bxc3+ 25. bxc3 Rad8 26. Bd5 Rxd6 27. Bxb7 Re8+ 28. Kf1 Rd3 29. Nf2 Nxf2 30. Kxf2 Rxc3 31. Rd1 Re7 32. Bd5 Rc2+ 33. Kf3 Rce2 34. Rd3 Re1 35. Kg2 R7e3 36. Rd2 R1e2+ 37. Rxe2 Rxe2+ 38. Kf3 Re7 39. Bc4 a5 40. Bd3 Kg7 41. Bc4 Kf8 42. Bb5 Kf7 43. Bc4+ Ke8 44. Bb5+ Kd8 45. Bc4 Kc7 46. Bb5 Kd6 47. Bc4 a4 48. Bb5 a3 49. Bc4 Kc6 50. Bb3 Kb5 51. Bc2 Kb4 52. Bd3 c4 53. Bc2 Kc3 0-1

[Event "Robecchetto op-B 20th"]
[Site "Robecchetto"]
[Date "2009.12.28"]
[Round "3"]
[White "Oteri, Aldo"]
[Black "Vuckovic, Dimitrije"]
[Result "1-0"]
[WhiteElo "1826"]
[BlackElo "1545"]
[PlyCount "111"]
[EventDate "2009.12.27"]
[EventType "swiss"]
[EventRounds "6"]
[EventCountry "ITA"]
[SourceTitle "EXT 2023"]
[Source "ChessBase"]
[SourceDate "2022.10.05"]
[SourceVersion "1"]
[SourceVersionDate "2022.10.05"]
[SourceQuality "1"]

1. e4 c5 2. Nf3 d6 3. d4 cxd4 4. Nxd4 Nf6 5. Nc3 g6 6. Be3 Bg7 7. f3 0-0 8. Qd2 Nc6 9. 0-0-0 a6 10. h4 h5 11. Be2 Ne5 12. Bh6 Bd7 13. Nd5 e6 14. Nxf6+ Bxf6 15. Bxf8 Kxf8 16. g4 hxg4 17. fxg4 Rc8 18. g5 Bg7 19. Nb3 Bc6 20. Qb4 Kg8 21. Rxd6 Qc7 22. Rd4 Bxe4 23. Rd8+ Rxd8 24. Qxe4 b5 25. h5 Qc6 26. Qxc6 Nxc6 27. hxg6 fxg6 28. Nc5 Nd4 29. Bd3 a5 30. Bxg6 Ne2+ 31. Kb1 Rd6 32. Ne4 Rd5 33. Nf6+ Bxf6 34. gxf6 Ng3 35. Re1 e5 36. c4 bxc4 37. Rg1 Ne2 38. Be4+ Nxg1 39. Bxd5+ Kf8 40. Bxc4 e4 41. Kc2 Nf3 42. Bd5 Ng5 43. Kd2 Nh7 44. f7 Ng5 45. Ke3 Ke7 46. b3 Nxf7 47. Bxf7 Kxf7 48. Kxe4 Ke7 49. Kd5 Kd7 50. Kc5 a4 51. Kb6 a3 52. b4 Kc8 53. b5 Kb8 54. Kc6 Kc8 55. b6 Kb8 56. b7 1-0

[Event "Crema op 11th"]
[Site "Crema"]
[Date "2009.09.05"]
[Round "3"]
[White "Lorenzotti, Fabrizio"]
[Black "Vuckovic, Dimitrije"]
[Result "1-0"]
[WhiteElo "1733"]
[BlackElo "1513"]
[PlyCount "91"]
[EventDate "2009.09.04"]
[EventType "swiss"]
[EventRounds "6"]
[EventCountry "ITA"]
[SourceTitle "EXT 2011"]
[Source "ChessBase"]
[SourceDate "2010.11.26"]
[SourceVersion "1"]
[SourceVersionDate "2010.11.26"]
[SourceQuality "1"]

1. e4 c5 2. Nf3 d6 3. d4 cxd4 4. Nxd4 Nf6 5. Nc3 g6 6. Be2 Bg7 7. Be3 Nc6 8. f3 0-0 9. Qd2 a6 10. g4 b5 11. Nxc6 Qd7 12. Nb4 Bb7 13. h4 h5 14. g5 Nh7 15. Bd4 e5 16. Be3 Rac8 17. Nbd5 Bxd5 18. Nxd5 Qe6 19. a3 f5 20. Nc3 f4 21. Bf2 Rfd8 22. Rd1 Rc6 23. Nd5 Rdc8 24. Nb4 R6c7 25. Qxd6 Nf8 26. Qxe6+ Nxe6 27. Rd6 Kf7 28. Rxa6 Bf8 29. c3 Nc5 30. Ra5 Nb7 31. Nd3 Nc5 32. Rxb5 Bd6 33. Bxc5 Rxc5 34. Rxc5 Bxc5 35. Nxe5+ Kg7 36. Bd3 Be3 37. Ke2 Rb8 38. Nc4 Bc5 39. b4 Be7 40. a4 Kf7 41. Ne5+ Kg7 42. Nc6 Bd6 43. Nxb8 Bxb8 44. c4 Kf7 45. c5 Ke7 46. Bb5 1-0

[Event "Crema op 11th"]
[Site "Crema"]
[Date "2009.09.04"]
[Round "1"]
[White "Oteri, Aldo"]
[Black "Vuckovic, Dimitrije"]
[Result "1-0"]
[WhiteElo "1830"]
[BlackElo "1513"]
[PlyCount "39"]
[EventDate "2009.09.04"]
[EventType "swiss"]
[EventRounds "6"]
[EventCountry "ITA"]
[SourceTitle "EXT 2011"]
[Source "ChessBase"]
[SourceDate "2010.11.26"]
[SourceVersion "1"]
[SourceVersionDate "2010.11.26"]
[SourceQuality "1"]

1. e4 c5 2. Nf3 d6 3. d4 cxd4 4. Nxd4 Nf6 5. Nc3 g6 6. Be3 Bg7 7. f3 0-0 8. Qd2 Nc6 9. 0-0-0 a6 10. g4 Ne5 11. h4 h5 12. Be2 b5 13. gxh5 Nxh5 14. Rhg1 Nc4 15. Bxc4 bxc4 16. Bh6 e5 17. Nf5 gxf5 18. Bxg7 f4 19. Bf6+ Ng7 20. Rxg7+ 1-0

[Event "Ceriano Laghetto op-C 17th"]
[Site "Ceriano Laghetto"]
[Date "2008.03.29"]
[Round "2"]
[White "Vuckovic, Dimitrije"]
[Black "Gonella, Graziano"]
[Result "1-0"]
[WhiteElo "1425"]
[BlackElo "1260"]
[PlyCount "53"]
[EventDate "2008.03.28"]
[EventType "swiss"]
[EventRounds "5"]
[EventCountry "ITA"]
[SourceTitle "EXT 2011"]
[Source "ChessBase"]
[SourceDate "2010.11.26"]
[SourceVersion "1"]
[SourceVersionDate "2010.11.26"]
[SourceQuality "1"]

1. d4 Nf6 2. c4 d5 3. e3 Nc6 4. Nf3 Qd6 5. a3 e5 6. c5 Qe6 7. Bb5 e4 8. Ne5 a6 9. Ba4 Bd7 10. Nxc6 Bxc6 11. h3 Bxa4 12. Qxa4+ b5 13. cxb6+ Qd7 14. Qxd7+ Kxd7 15. bxc7 Kxc7 16. 0-0 Rb8 17. b4 Rb5 18. Nc3 Rb6 19. g4 h5 20. g5 Nd7 21. Nxd5+ Kb7 22. Nxb6 Kxb6 23. Bb2 f6 24. gxf6 Nxf6 25. Rfd1 Rh6 26. Rac1 Ne8 27. Rc8 1-0

[Event "Crema op 09th"]
[Site "Crema"]
[Date "2007.09.09"]
[Round "5"]
[White "Vuckovic, Dimitrije"]
[Black "Albrizio, Mauro"]
[Result "0-1"]
[WhiteElo "1428"]
[BlackElo "1697"]
[PlyCount "60"]
[EventDate "2007.09.07"]
[EventType "swiss"]
[EventRounds "6"]
[EventCountry "ITA"]
[SourceTitle "EXT 2009"]
[Source "ChessBase"]
[SourceDate "2008.11.26"]
[SourceVersion "1"]
[SourceVersionDate "2008.11.26"]
[SourceQuality "1"]

1. d4 d5 2. c4 e6 3. Nf3 Nf6 4. Nc3 c6 5. e3 Nbd7 6. Bd3 Bd6 7. Bd2 0-0 8. c5 Bc7 9. Qc2 e5 10. dxe5 Nxe5 11. h3 Nxd3+ 12. Qxd3 h6 13. g4 Re8 14. Nd4 Ne4 15. Nxe4 Rxe4 16. Bc3 Qe7 17. b4 a6 18. a4 Bd7 19. Ke2 Re8 20. Bd2 Be5 21. Bc3 Bf6 22. Kd1 Bxd4 23. Bxd4 Qh4 24. Qf1 Bxg4+ 25. hxg4 Qxg4+ 26. Kc2 Rxd4 27. exd4 Re2+ 28. Qxe2 Qxe2+ 29. Kb3 Qd3+ 30. Kb2 Qxd4+ 0-1